000 00803nam a2200253 i 4500
001 67648
003 ES-MaACL
005 20230906170125.0
007 t|
008 040609s2003 sp |||| | spa d
020 _a84-96095-05-3
080 _a821.113.6-31"18"
100 1 _aStrindberg, August.
_9108433
245 1 0 _aSolo /
_cAugust Strindberg ; edición y posfacio de Alejandro García Schnetzer ; [traducción de Graciela Arancibia].
250 _a1ª ed.
260 _aBarcelona :
_bElCobre,
_c2003.
300 _a127 p ;
_c21 cm.
490 1 _aClásicos de la diversidad ;
_v2
700 1 _aGarcía Schnetzer, Alejandro.
_955288
700 1 _aArancibia, Graciela.
_922271
830 0 _aClásicos de la diversidad ;
_v2
_9192418
852 _aES-MaACL
_jL-27867
999 _c67648
_d67648